00581nam a2200169Ia 4500001001000000003000500010008004100015010001100056040000900067082002000076100001700096245008600113300000900199440001600208500011500224650007200339Para_8516CHAP220125s9999 xx 000 0 und d a207327 cCHAP aPA-C 595.752 A6 aBaker, A. C. aLife history of macrosiphum illinoisensis, the grapevine aphis /c by A.C. Baker a8 p. aAphidae; 19 aSobretiro de: Journal of Agricultural Research, 11 (3): 83-90, 1917. Encuadernado con otros impresos similares ax Afididos x Colecciones de escritos x Macrosiphum Illinoisensis